| Поле | Инд. | ПП | Название | Значение |
|---|---|---|---|---|
| Тип записи | a | |||
| Библиографический уровень | m | |||
| 001 | Контрольный номер | d2243691-7469-4986-9970-3ced8dde2160 | ||
| 005 | Дата корректировки | 20230512083638.4 | ||
| 008 | Кодируемые данные | 950630s1995 rur 00000 rus d | ||
| 080 | a | Индекс УДК | 78.03 | |
| 084 | a | Индекс другой классификации/Индекс ББК | Щ313(0) | |
| a | Индекс другой классификации/Индекс ББК | Щ313(2РОС=411.2) | ||
| 090 | a | Полочн. индекс | 78С | |
| x | Авторский знак | Р24 | ||
| c | Каталожный индекс | Щ313(0) + Щ313(2РОС=411.2) | ||
| 245 | 0_ | a | Заглавие | Рассказы о музыке и музыкантах |
| b | Продолж. заглавия | Попул. очерки | ||
| c | Ответственность | [Сост. М.Г. Арановский] | ||
| n | Номер части/ раздела | [Вып. 1] | ||
| 260 | 0_ | a | Место издания | Москва |
| b | Издательство | Сов. композитор | ||
| c | Дата издания | 1973 | ||
| 300 | a | Объем | 175 с. | |
| b | Иллюстрации/ тип воспроизводства | ил., портр. | ||
| 650 | 04 | a | Основная рубрика | Музыка |
| x | Основная подрубрика | История | ||
| 650 | 04 | a | Основная рубрика | Русская музыкальная культура |
| x | Основная подрубрика | История | ||
| 653 | 0_ | a | Ключевые слова | История музыки |
| a | Ключевые слова | История русской музыки | ||
| a | Ключевые слова | Музыка | ||
| a | Ключевые слова | Русская музыка | ||
| a | Ключевые слова | Русские музыканты | ||
| 700 | 1_ | a | Другие авторы | Арановский Марк Генрихович |
| e | Роль лиц | сост. | ||
| 852 | 41 | i | Расстановочный признак | Проверка 2023 |
| 920 | a | Оператор | Хохл | |
| 930 | a | Новая/Ретро | Популярная | |
| 952 | c | Вид литературы | К рн | |
| 954 | a | Дата поступления на обработку | 24.12.97 | |
| e | Дата перешифровки | 20230512 |